000 00571nam a2200229Ia 4500
003 OSt
005 20220918180203.0
006 a|||||r|||| 00| 0
007 ta
008 220917b |||||||| |||| 00| 0 eng d
024 _a21,021
037 _cTextual
040 _aARTS
_cARTS
_beng
041 _2eng
_aeng
082 _aO:3M891:4, J9
100 _aPelps Jettie Irving
_955797
245 0 _aLittle leaven
260 _c1959
650 _aENGLISH LITERATURE
942 _hO:3M891:4, J9
_cTEXL
_2CC
999 _c160642
_d160642